1715 1470 1425 1608 1908 1021 1927 1314 1492 1847 1895 1555 1324 1153 1547 1662 1867 1757 1813 1604 1584 1424 1979 1193 1276 1597 1217 1991 1423 1459 1864 1232 1253 1022 1354 1785 1252 1449 1949 1702 1682 1395 1449 1440 1531 1842 1019 1124 1063 1338 1774 1356 1333 1256 1447 1505 1255 1026 1287 1577 1365 1212 1493 1659 1483 1975 1120 1282 1135 1734 1496 1711 1140 1456 1204 1245 1452 1956 1794 1501 1612 1534 1807 1185 1354 1525 1159 1602 1975 1727 1091 1750 1429 1488 1320 1500 1465 1664 1849 BCNSPRNW ULIB Ver.6.0+V

เปลี่ยนเป็นภาษาไทย

Change to English
 แสดงรายละเอียดบรรณานุกรม
  กลับหน้าหลัก

Brief Record : Get Marc (ISO 2709) : E-mail record : QR code < ปิดหน้าต่าง
LEADER : 00000nam 2200000uu 4500
001    13399115198
003     ULIB
008    120726s2007||||th 000 0 eng d
020    ^a9789812725967
060 04 ^aQS17^bH249 2007
100 1  ^aHansen, John T.
245 00 ^aNetter is anatomy :^bwith student consult
260    ^aPhiladelphia :^bSaunders,^c2007
300    ^a1 v. (various pagings) :^bill. ;^c28 cm.
650  0 ^aHuman anatomy^vAtlases
650  2 ^aAnatomy, Regional^vAtlases
650  2 ^aAnatomy^vAtlases
700 1  ^aNetter, Frank H. ^q(Frank Henry),^d1906-1991
945    ^p0^l0^i17773
945    ^p0^l0^i17774
945    ^p0^l0^i17775
995    ^aKanchaphon
999    ^aใช้งานได้ทุกระบบ
รายการนี้ยังไม่มีแท็ก
คุณยังไม่ได้ล็อกอิน คุณสามารถมีกิจกรรมร่วมกับเว็บไซต์ได้ แต่ต้องล็อกอินก่อน ::
  ล็อกอิน

รายการสื่อสารสนเทศ

ลำดับที่ ประเภท เลขเรียก/บาร์โค้ด สถานที่ สถานะ
- ไม่พบข้อมูล -

รายการใกล้เคียง
    ผู้แต่ง [Hansen, John T.]

    หัวเรื่อง [Anatomy Atlases]

BibComment


ยังไม่เคยถูกคอมเมนท์

คอมเมนท์ทรัพยากรรายการนี้
  คอมเมนท์: Netter is anatom..


 Copyright 2026. Bcnsprnw @Library